| 000 | 00404nam a2200145Ia 4500 | ||
|---|---|---|---|
| 008 | 230917s9999||||xx |||||||||||||| ||und|| | ||
| 040 |
_e42432 _aMAIN |
||
| 041 | _aEnglish | ||
| 082 | _a820.9 B316F | ||
| 100 | _aBate, Walter Jackson | ||
| 245 | 0 | _aFrom classic to romantic: Premises of taste in 18th-century England | |
| 260 |
_aNew York _bHarper & Row _c1961 |
||
| 300 | _aviii, 197 p. | ||
| 942 | _cBK | ||
| 999 |
_c141166 _d141166 |
||